| 000 | 01441nam0a22003131 4500 | ||
|---|---|---|---|
| 001 | rc\696700 | ||
| 005 | 20260409070239.0 | ||
| 035 | _a(NLR Aleph) 005933062 | ||
| 090 |
_a6599008 _c6599008 |
||
| 100 | _a20031121d1985 |||y0rusy50 ca | ||
| 101 | 0 | _arus | |
| 102 | _aRU | ||
| 105 | _ay ||||||||| | ||
| 200 | 1 | _aНерушимая дружба народов Советского Союза - важный источник Победы в Великой Отечественной войне | |
| 210 |
_aМ. _cЗнание _d1985 |
||
| 215 |
_a63 с. _d20 |
||
| 225 | 1 | _aБиблиотечка "К 40-летию Победы советского народа в Великой Отечественной войне 1941-1945 гг." | |
| 320 | _aБиблиогр.: с. 61-62 | ||
| 606 |
_aВеликая Отечественная война _z1941 - 1945 _xГодовщины _3RU\NLR\AUTH\66187542 _91237240 |
||
| 606 | 1 |
_aВеликая Отечественная война _xИсточники силы и победы _z1941 - 1945 _91239560 _3RU\NLR\AUTH\66188829 |
|
| 606 | 1 |
_aДружба народов СССР _91030488 _3RU\NLR\AUTH\66395165 |
|
| 700 | 1 |
_aЛогин _bВ.Т. _gВасилий Теодорович |
|
| 701 | 1 |
_aХробостов _bВ.П. _gВалентин Павлович |
|
| 801 | 0 |
_aRU _bNLR _gpsbo |
|
| 801 | 1 |
_aRU _bELAR _2rusmarc |
|
| 852 |
_aNLR _j85-4/2270 |
||
| 942 | _cBOOK | ||
| 980 | _aNB | ||